000 00453nam a2200157 i 4500
001 76963
003 ES-MaACL
005 20230906173032.0
007 t|
008 041006s1931 fr ||||1| fre d
100 1 _aGurvitch, Georges.
_961006
245 1 3 _aLe temps présent et l'idée du droit social /
_cGeorges Gurvitch.
260 _aParis :
_b[s.n.,
_c1931] (
_eLiège :
_fG. Thone)
300 _aXVI, 336 p. ;
_c25 cm.
852 _aES-MaACL
_jA-3783
999 _c76963
_d76963